AIMS OF EDUCATION (Record no. 12444)

MARC details
000 -LEADER
fixed length control field 00265nam a22001337a 4500
003 - CONTROL NUMBER IDENTIFIER
control field SGT
082 ## - DEWEY DECIMAL CLASSIFICATION NUMBER
Classification number 370
Item number A06N
100 ## - MAIN ENTRY--PERSONAL NAME
Personal name N.C.E.R.T.
245 ## - TITLE STATEMENT
Title AIMS OF EDUCATION
260 ## - PUBLICATION, DISTRIBUTION, ETC. (IMPRINT)
Place of publication, distribution, etc NEW DELHI
Name of publisher, distributor, etc NCERT
Year of Publication 2006
300 ## - PAGE DESCRIPTION
No. of Pages 8
650 ## - SUBJECT ADDED ENTRY--TOPICAL TERM
Topical term or geographic name as entry element EDUCATION
942 ## - ADDED ENTRY ELEMENTS (KOHA)
Source of classification or shelving scheme Dewey Decimal Classification
Koha item type Books
Holdings
Withdrawn status Lost status Source of classification or shelving scheme Damaged status Not for loan Collection code Home library Current library Shelving location Date acquired Vendor Name Cost, normal purchase price SGTU Bill Number Full call number Accession No. (Barcode) Date last seen Bill Date Koha item type Total Checkouts Date last borrowed
    Dewey Decimal Classification     EDUCATION SGT Engineering Library SGT Engineering Library Text Book 14/07/2017 INDIAN PUB 25.00 SGTU 102 370 A06N ED2705 14/07/2017 22/11/2016 Books    
    Dewey Decimal Classification     EDUCATION SGT Engineering Library SGT Engineering Library Text Book 14/07/2017 INDIAN PUB 25.00 SGTU 102 370 A06N ED2706 13/02/2019 22/11/2016 Books 2 30/01/2019
    Dewey Decimal Classification     EDUCATION SGT Engineering Library SGT Engineering Library Text Book 14/07/2017 INDIAN PUB 25.00 SGTU 102 370 A06N ED2707 14/07/2017 22/11/2016 Books    
    Dewey Decimal Classification     EDUCATION SGT Engineering Library SGT Engineering Library Text Book 14/07/2017 INDIAN PUB 25.00 SGTU 102 370 A06N ED2708 14/07/2017 22/11/2016 Books    
    Dewey Decimal Classification     EDUCATION SGT Engineering Library SGT Engineering Library Text Book 14/07/2017 INDIAN PUB 25.00 SGTU 102 370 A06N ED2709 14/07/2017 22/11/2016 Books